| 000 | 00818nam a2200265 i 4500 | ||
|---|---|---|---|
| 001 | 18424 | ||
| 003 | DO-SdUEMH | ||
| 005 | 20260423224615.0 | ||
| 007 | ta | ||
| 008 | 260423s2021 sp a|||gr|||| 00| 0 spa d | ||
| 020 | _a9788426732750 | ||
| 040 |
_aDO-SdUEMH _bspa _erda |
||
| 041 | _aspa | ||
| 082 | 1 | 4 |
_mCG _bM483 |
| 100 | 1 | _eaut | |
| 245 |
_aNunca Dejes de Empezar: _bcambia y evoluciona / _cMarco Meana Lama |
||
| 264 | 1 | 4 |
_aEspaña: _bMarcombo, _c2021. |
| 300 |
_a189 páginas : _bilustraciones ; _c20 cm. |
||
| 336 |
_2rdacontent _atexto _btxt |
||
| 337 |
_2rdamedia _asin mediación _bn |
||
| 338 |
_2rdacarrier _avolumen _bnc |
||
| 504 | _aContiene Información Bibliográfica a Final de la Obra. | ||
| 505 | 2 | _aPrimera Parte: Lo Que Hay Que Saber -- Segunda Parte: Descubrir El Éxito. | |
| 942 |
_2ddc _cBK _n0 |
||
| 999 |
_c18424 _d18424 |
||